Розлучення (Запис № 16847)

000 -Маркер запису
Контрольне поле сталої довжини 02473nam a22002537a 4500
003 - Належність контрольного номера
Контрольне поле Uzh_bibl
008 - Кодовані дані
Контрольне поле сталої довжини 260223b |||||||| |||| 00| 0 ukr d
020 ## - Індекс ISBN
ISBN 978-966-688-140-6
Ціна 150.00
040 ## - Джерело каталогіз.
Код мови каталог. укр.
041 ## - Код мови видання
Код мови оригіналу шведська
Код мови тексту українська
080 ## - Індекс УДК
Індекс УДК 821(485)
090 ## - Шифри
Поличний індекс 821(485)
Авторський знак Г 37
100 ## - Автор
Автор Гернґрен,Муа
245 ## - Назва
Назва Розлучення
Відповідальність пер.з англ.Н.Іваничук
Фізичний носій Текст
260 ## - Вихідні дані
Місце видання Київ
Видавництво Нора-Друк
Дата видання 2024
300 ## - Фізичний опис
Обсяг 332 с.
Ілл./тип відтвор. іл.
Тип одиниці В опр.
520 ## - Анотація
Анотація Беа була дуже рада проміняти задушливу літню спеку Стокгольма на відпустку на острові Ґотланд. Вона з нетерпінням чекає можливості провести літо зі своїм коханим чоловіком Нікласом, з яким живе у шлюбі тридцять два роки, та їхніми двома доньками-підлітками, а також відпочити від стресу повсякденного життя в компанії улюблених свекрів. Одного вечора, незадовго до від’їзду, Беа та Ніклас посварились, здавалось би, буденно, через незначну проблему. Ніклас іде до друга, щоб випустити пару. Але минають години, Ніклас не повертається додому, і роздратування Беа незабаром переростає в паніку…<br/>Захопливу побутову драму «Розлучення» написано з теплотою та майстерністю, завдяки яким романи Муа Гернґрен, від яких неможливо відірватися і які стали бестселерами в Швеції та за її межами, піднімають серйозні питання про те, чому стосунки розпадаються і чи завжди той, хто йде, — погана людина.
521 ## - Примітка про цільове призначення
Примітка про цільове призначення Для широкого кола читачів
546 ## - Примітка про мову
Примітка про мову укр.
650 ## - Тематичні рубрики
Основна рубрика Літературно-художне видання
653 ## - Ключові слова
Ключові слова Відпочинок
-- Сварка
-- Зникнення
655 ## - Термін індексування — жанр/форма
Жанр/форма Сучасна зарубіжна проза
Типове ділення роман
942 ## - ADDED ENTRY ELEMENTS (KOHA)
Джерело класифікації чи схема поличного розташування
Koha item type Книги
Фонди
Статус вилучення Статус втрати/відсутності Джерело класифікації чи схема поличного розташування Статус пошкодження Тип обігу (не для випозичання) Постійне розташування Поточне розташування Розташування у відділі Дата надходження Джерело надходження (постачальник) Інвентарний номер Total Checkouts Повний (примірниковий) шифр зберігання Штрих-код Date last seen Date last checked out Дата, для якої чинна ціна заміни Тип одиниці (рівень примірника)
          Публічна бібліотека Публічна бібліотека Абонемент 05/02/2026 Подаровані 80693 1 821(485) 19163 18/04/2026 02/04/2026 23/02/2026 Книги

Працює на АБІС Коха